| 000 | 00828nam a22002297a 4500 | ||
|---|---|---|---|
| 005 | 20240530110910.0 | ||
| 008 | 220214s2005 ua g 000 0 ara d | ||
| 017 | _bمصر. دار الكتب | ||
| 040 |
_aEG-CaGPL _cEG-CaGPL |
||
| 082 | 0 | 4 |
_221 _a219.1 / _bع ع |
| 100 | 0 | _aعبدالمنعم عثمان عبدالله | |
| 245 | 1 | 2 |
_aالعنوسة : _bاسبابها اثارها علاجها / _cعبدالمنعم عثمان عبدالله |
| 250 | _aط. 1 | ||
| 260 |
_aالقاهرة : _bدار الافاق العربية، _c2005 |
||
| 300 |
_a786 ص. ؛ _c24 سم |
||
| 650 | 0 | 7 |
_2qrmak _aالمشاكل الاجتماعية |
| 650 | 0 | 7 |
_2qrmak _aالعنوسة |
| 650 | 0 | 7 |
_2qrmak _aالاسرة |
| 651 |
_2qrmak _aدول العالم |
||
| 942 |
_2ddc _cBK |
||
| 999 |
_c66297 _d66297 |
||